01467naa a2200289 a 450000100080000000500110000800800410001910000170006024500340007726000090011130000090012049000310012952007560016065000240091665000240094065000100096465000110097465000200098565000100100565300170101565300120103265300100104465300150105465300150106965300080108477300850109211322652022-08-22 2021 bl uuuu u00u1 u #d1 aELIAS, H. T. aMilho.h[electronic resource] c2021 a6 p. a(Epagri. Documentos, 349). aO objetivo deste documento ?? apresentar as principais informa????es conjunturais referentes ao desenvolvimento das safras, da produ????o e dos mercados para os produtos selecionados. Para isso, o Boletim Agropecu??rio cont??m informa????es referentes ?? ??ltima quinzena ou aos ??ltimos 30 dias do m??s refer??ncia. Em casos espor??dicos, a publica????o poder?? conter s??ries mais longas e an??lises de eventos espec??ficos. Al??m das informa????es por produto, eventualmente poder??o ser divulgados neste documento textos com an??lises conjunturais que se fa??am pertinentes e oportunas, chamando a aten????o para aspectos n??o especificamente voltados ao mercado, oferta e demanda, pre??os internos e internacionais, exporta????es e importa????es. aan??lise de mercado aconjuntura do milho amilho apre??o apre??o de milho asafra aimporta????o amercado amilho aprodu????o asuprimento aZea tIn: Boletim Agropecu??rio - dezembro/2021. Florian??polis: Epagri, 2021. p.14-19